000 02493cam a22005654i 4500
003 PE-LiUPU
005 20250731173105.0
008 150623s1995 mdu r 000 0 eng d
020 _a0964561905
035 _a(Sirsi) i9780964561908
040 _aPE-LiUPU
_bspa
_cPE-LiUPU
_erda
049 _aPRUA
082 0 4 _a266.673
_bW98
_221
245 1 4 _aThe welcome table :
_bsetting a place for ordained women /
_cPatricia A. Habada y Rebeca Frost Brillhart.
264 1 _aMaryland :
_bTeam Press,
_c1995.
300 _a408 páginas ;
_c23 centímetros
336 _atext
_2rdacontent
337 _aunmediated
_2rdamedia
338 _avolume
_2rdacarrier
505 0 _aThe welcome table: yesterday and today. -The voice of sripture. -Gathering at the table for study. -The table of the future.
526 _aSEG42
526 _aSEG41
526 _aSEG40
526 _aSEG39
526 _aP94
526 _aP87
526 _aP86
526 _aP85
526 _aP77
526 _aP76
526 _aP35
650 0 4 _aMujeres en el ministerio (IASD).
_9893
700 1 _aFrost Brillhart, Rebeca.
700 1 _aHabada, Patricia A.
942 _2ddc
_cBOOK
949 _a266.673 W98
_wDEWEY
_c1
_i41734
_lCCODEBUL1
_mBUL
_r0
_sY
_tBOOK
_u2015-6-24
_xTEOLOGIA
_PP35
_0COMPRA
_o.STAFF. Colección General
949 _a266.673 W98
_wDEWEY
_c2
_i49423
_lCCODEBUL1
_mBUL
_r0
_sY
_tBOOK
_u2015-6-24
_xTEOLOGIA
_PP35
_0COMPRA
_o.STAFF. Colección General
949 _a266.673 W98
_wDEWEY
_c3
_i49424
_lCCODEBUL1
_mBUL
_r0
_sY
_tBOOK
_u2015-6-24
_xTEOLOGIA
_PP35
_0COMPRA
_o.STAFF. Colección General
949 _a266.673 W98
_wDEWEY
_c4
_i50758
_lCCODEBUL1
_mBUL
_r0
_sY
_tBOOK
_u2015-6-24
_xTEOLOGIA
_PP35
_0COMPRA
_o.STAFF. Colección General
994 _aC0
_bPEPRU
596 _a1
999 _a266.673 W98
_wDEWEY
_c29635
_i41734
_f2021-11-10
_g5
_lCCODEBUL1
_mBUL
_r0
_sY
_tBOOK
_u2015-6-24
_xTEOLOGIA
_PP35
_0COMPRA
_o.STAFF. Colección General
_d29635
999 _a266.673 W98
_wDEWEY
_c2
_i49423
_f2021-11-10
_g5
_lCCODEBUL1
_mBUL
_r0
_sY
_tBOOK
_u2015-6-24
_xTEOLOGIA
_PP35
_0COMPRA
_o.STAFF. Colección General
999 _a266.673 W98
_wDEWEY
_c3
_i49424
_f2021-11-10
_g5
_lCCODEBUL1
_mBUL
_r0
_sY
_tBOOK
_u2015-6-24
_xTEOLOGIA
_PP35
_0COMPRA
_o.STAFF. Colección General
999 _a266.673 W98
_wDEWEY
_c4
_i50758
_f2021-11-10
_g5
_lCCODEBUL1
_mBUL
_r0
_sY
_tBOOK
_u2015-6-24
_xTEOLOGIA
_PP35
_0COMPRA
_o.STAFF. Colección General
980 _81
_gALBERTO SANCHEZ Responsable de Automatización